|
|
|
|
| LEADER |
04827nam a22003973i 4500 |
| 001 |
EBC7101282 |
| 003 |
MiAaPQ |
| 005 |
20240729202204.0 |
| 006 |
m o d | |
| 007 |
cr cnu|||||||| |
| 008 |
240729s2014 xx o ||||0 ger d |
| 020 |
|
|
|a 9783428573431
|q (electronic bk.)
|
| 020 |
|
|
|z 9783428173433
|
| 035 |
|
|
|a (MiAaPQ)EBC7101282
|
| 035 |
|
|
|a (Au-PeEL)EBL7101282
|
| 035 |
|
|
|a (OCoLC)1348491468
|
| 040 |
|
|
|a MiAaPQ
|b eng
|e rda
|e pn
|c MiAaPQ
|d MiAaPQ
|
| 100 |
1 |
|
|a Socialpolitik, Verein für.
|
| 245 |
1 |
0 |
|a Neue Untersuchungen über Die Wohnungsfrage in Deutschland und Im Ausland :
|b Zweiter Band: Deutschland und Österreich. Hrsg. Vom Verein Für Socialpolitik. (Schriften des Vereins Für Socialpolitik XCVI).
|
| 250 |
|
|
|a 1st ed.
|
| 264 |
|
1 |
|a Berlin :
|b Duncker & Humblot,
|c 2014.
|
| 264 |
|
4 |
|c {copy}1901.
|
| 300 |
|
|
|a 1 online resource (313 pages)
|
| 336 |
|
|
|a text
|b txt
|2 rdacontent
|
| 337 |
|
|
|a computer
|b c
|2 rdamedia
|
| 338 |
|
|
|a online resource
|b cr
|2 rdacarrier
|
| 490 |
1 |
|
|a Duncker and Humblot Reprints Series
|
| 505 |
0 |
|
|a Intro -- Vorwort. -- Inhaltsverzeichnis. -- Zweiter Teil. Die Maßnahmen zur Erstellung und zur Förderung des Baues gesunder und billiger kleiner Wohnungen. -- Bau von kleinen Wohnungen durch Arbeitgeber, Stiftungen, gemeinnützige Baugesellschaften und -Vereine, Baugenossenschaften und in eigener Regie der Gemeinden. Von Professor Dr. H. Albrecht, Groß-Lichterfelde. -- A. Deutsches Reich. -- I. Bau von kleinen Wohnungen durch Arbeitgeber. -- 1. Staat und Gemeinde als Arbeitgeber. -- 2. Private Arbeitgeber. -- II. Bau von kleinen Wohnungen durch Stiftungen, gemeinnützige Ballgesellschaften, gemeinnützige Vereine und Genossenschaften. -- 1. Der Eigenhausbau durch gemeinnützige Vereinigungen. -- 2. Der Bau von Mietwohnungen durch gemeinnützige Vereinigungen. -- III. Bau von kleinen Wohnungen in eigener Regie der Gemeinden. -- B. Österreich. -- Anhang. -- Tabellarische Zusammenstellung der Ergebnisse der Bauthätigkeit der gemeinnützigen Baugesellschaften, Bauvereine, Stiftungen und Baugenossenschaften im Deutschen Reiche am 31. Dezember 1899. -- Beschaffung der Geldmittel für die gemeinnützige Bauthätigkeit. Von Landesrat Brandts, Düsseldorf. -- I. Begriff der gemeinnützigen Bauthätigkeit -- Notwendigkeit besonderer Geldquellen für dieselbe. -- II. Die Geldquellen der gemeinnützigen Bauthätigkeit im allgemeinen. -- III. Die Landesversicherungsanstalten, die diesen gleichstehenden Kasseneinrichtungen, sowie die Berufsgenossenschaften. -- IV. Beteiligung der Sparkassen an der Geldbeschaffung für die gemeinnützige Bauthätigkeit. -- V. Die preußischen Generalkommissionen als Förderer des Arbeiterwohnungswesens, bezw. die Verwendung von Staatsmitteln zu diesem Zwecke. -- VI. Anlage des Vermögens von Stiftungen und Armenverwaltungen in Arbeiterwohnungen. -- VII. Gewährung von Zwischenkredit zum gemeinnützigen Wohnungsbau.
|
| 505 |
8 |
|
|a VIII. Centralvereine zur Förderung des Arbeiterwohnungswesens. -- IX. Weitere Reformziele. -- Schluß. -- Förderung der gemeinnützigen Bauthätigkeit durch die Gemeinden. Von Oberbürgermeister Beck, Mannheim. -- Einleitung. -- I.Teil. -- A. Thätigkeit der deutschen Gemeinden. -- 1. Königreich Preußen. -- 2. Königreich Bayern. -- 3. Königreich Sachsen. -- 4. Königreich Württemberg. -- 5. Großherzogtum Baden. -- 6. Großherzogtum Hessen. -- 7. Reichslande. -- 8. Hansestädte. -- 9. Übrige Bundesstaaten. -- B. Thätigkeit österreichisch-ungarischer Gemeinden. -- Österreich. -- Ungarn. -- II. Teil. Die Aufgaben der Gemeinden gegenüber der gemeinnützigen Bauthätigkeit. -- A. Allgemeine Maßnahmen der Gemeinde im Interesse der freien Entfaltung der gemeinnützigen Bauthätigkeit. -- B. Förderung der gemeinnützigen Bauthätigkeit durch Verbilligung des Wohnens. -- C. Sondervergünstigungen für gemeinnützige Unternehmungen, insbesondere Bauvereine. -- Förderung des Baues kleiner Mahnungen durch die private Thätigkeit auf streng wirtschaftlicher Grundlage. Von Oberbürgermeister Dr. Adickes, Frankfurt a. M.
|
| 588 |
|
|
|a Description based on publisher supplied metadata and other sources.
|
| 590 |
|
|
|a Electronic reproduction. Ann Arbor, Michigan : ProQuest Ebook Central, 2024. Available via World Wide Web. Access may be limited to ProQuest Ebook Central affiliated libraries.
|
| 655 |
|
4 |
|a Electronic books.
|
| 776 |
0 |
8 |
|i Print version:
|a Socialpolitik, Verein für
|t Neue Untersuchungen über Die Wohnungsfrage in Deutschland und Im Ausland
|d Berlin : Duncker & Humblot,c2014
|z 9783428173433
|
| 797 |
2 |
|
|a ProQuest (Firm)
|
| 830 |
|
0 |
|a Duncker and Humblot Reprints Series
|
| 856 |
4 |
0 |
|u https://ebookcentral.proquest.com/lib/matrademy/detail.action?docID=7101282
|z Click to View
|